000 00554nam a2200181Ia 4500
008 100920s9999 xx 000 0 und d
082 _b62897
_a61 थ 62
100 _aखरात शंकरराव.
245 _aबेरड.
260 _bसमाज शिक्षण प्रकाशन, पुणे.
_c1962
300 _a28
_bसाधी
365 _b0.4
520 _aस्थानिक वाचन.
630 _aबेरड.
650 _aस्थानिक वाचन.
730 _aबेरड.
942 _cBOOK
999 _c705986
_d705983